00402nam a2200169 a 4500001000400000003000900004008004100013040002800054082001700082100001800099245002500117250000700142260002700149300000900176490002600185650002100211540CO-ViMGA141112s2004 ck r 000 u spa d aCO-ViMGAbspacCO-ViMGA04a833.914 B7631 aBroger, Achim10aUna tarde en la isla a2a aMadrid : bS.M, c1994 a07 p aEl barco de vapor, 8114aCUENTOS ALEMANES